Die Korrespondenz Maximilians II. : Korrespondenzen österreichischer Herrscher. II. Band, Familienkorrespondenz 1566 August 9 - 1567 Dezember 27. /

Hlavní autor: Maxmilián II., římskoněmecký císař, 1527-1576
Další autoři: Bibl, Viktor, 1870-1947
Jazyk: Němčina
Italština
Latina
Vydáno: Wien : Adolf Holzhausen, 1921
Edice: Veröffentlichungen der Kommission für Neuere Geschichte Österreichs
Fyzický popis: xvi, 308 stran ; 26 cm
Language note: Částečně italský a latinský text
Knihy
Uloženo v:
LEADER 01360nam a22003257i 4500
001 001802632
003 CZ BrMZK
005 20211011112726.0
007 ta
008 211011s1921 au er|||||||||||ger d
040 |a BOA001  |b cze  |e rda 
041 0 |a ger  |a ita  |a lat 
100 0 |a Maxmilián  |b II.,  |c římskoněmecký císař,  |d 1527-1576  |7 jn20000701192  |4 aut 
245 1 4 |a Die Korrespondenz Maximilians II. :  |b Korrespondenzen österreichischer Herrscher.  |n II. Band,  |p Familienkorrespondenz 1566 August 9 - 1567 Dezember 27. /  |c bearbeitet von Viktor Bibl 
246 3 0 |a Familienkorrespondenz 1566 August 9 - 1567 Dezember 27. 
264 1 |a Wien :  |b Adolf Holzhausen,  |c 1921 
300 |a xvi, 308 stran ;  |c 26 cm 
336 |a text  |b txt  |2 rdacontent 
337 |a bez média  |b n  |2 rdamedia 
338 |a svazek  |b nc  |2 rdacarrier 
490 1 |a Veröffentlichungen der Kommission für Neuere Geschichte Österreichs ;  |v 16 
504 |a Obsahuje bibliografické odkazy a rejstřík 
546 |a Částečně italský a latinský text 
700 1 |a Bibl, Viktor,  |d 1870-1947  |7 jx20060214001  |4 com 
830 0 |a Veröffentlichungen der Kommission für Neuere Geschichte Österreichs 
910 |a BOA001  |b 3-0032.731,16 
990 |a BK 
993 |a Y 
991 |b 202109 
996 6 |b 2618709221  |c 3-0032.731,16  |l MZK  |r Sklad / do 1 hodiny  |n 0  |w 001866044  |u 000010  |a 1  |e BOA001  |j MZK50  |s P